| 000 | 00422pab a2200169 454500 | ||
|---|---|---|---|
| 008 | 180718b2012 xxu||||| |||| 00| 0 eng d | ||
| 100 | _aMukherjee, Amitava | ||
| 245 | _aHow real is the China threat to India | ||
| 260 | _c2012 | ||
| 300 | _ap.53-55. | ||
| 362 | _a28 Jan | ||
| 650 | _aIndia - Foreign relations - China | ||
| 650 | _aInternational relations | ||
| 773 | _aMainstream | ||
| 908 | _aN | ||
| 909 | _a95543 | ||
| 999 |
_c95543 _d95543 |
||